LDR 00629naa#a2200181#i#450# 001 EN\\bibl\125582 005 20260702190635.4 011 ## _a2075-1338 100 ## _a20260610b2026####ek#y0engy0150####ca 101 0# _aRUS 102 ## _aRU 200 1# _aNeutron Activation Isotope Element Analysis: Formation, Current State, Fields of Application and Ways of Further Development _eJournal article 210 1# _aMoscow _cScientific-Production Enterprise “Dosa” _d2026 215 ## _a12 с. 608 ## _aJournal article _2local 675 ## _aРазделение изотопов. 621.039.3 _zRUS 700 #1 _aDreyzin _gV. E. 856 4# _adoza.editorum.ru _u